Diseases of crop plants of Kerala / (Record no. 10566)
[ view plain ]
| 000 -LEADER | |
|---|---|
| fixed length control field | 00494cam a2200193ua 4500 |
| 041 ## - LANGUAGE CODE | |
| Language code of text/sound track or separate title | eng |
| 082 ## - DEWEY DECIMAL CLASSIFICATION NUMBER | |
| Classification number | 632.3 |
| Item number | NAI/DI |
| 100 ## - MAIN ENTRY--AUTHOR NAME | |
| Personal name | Nair, M C . |
| 245 ## - TITLE STATEMENT | |
| Title | Diseases of crop plants of Kerala / |
| 250 ## - EDITION STATEMENT | |
| Edition statement | 1 / |
| 260 ## - PUBLICATION, DISTRIBUTION, ETC. (IMPRINT) | |
| Place of publication | Thrissur : |
| Name of publisher | Kerala Agricultural University , |
| Year of publication | 1983. |
| 300 ## - PHYSICAL DESCRIPTION | |
| Number of Pages | 277 : |
| Other physical details | 506 ; . |
| 700 1# - ADDED ENTRY--PERSONAL NAME | |
| Personal name | Menon, M R . |
| 942 ## - ADDED ENTRY ELEMENTS (KOHA) | |
| Koha item type | Books |
| Withdrawn status | Lost status | Damaged status | Home library | Current library | Date acquired | Full call number | Accession Number | Koha item type |
|---|---|---|---|---|---|---|---|---|
| KAUAET | KAUAET | 07/04/2012 | 632.3 | 14499 | Books |
